=LDR 00000nam 2200000 4500 =001 INLIS000000000049792 =005 20170330094544.0 =006 =007 =008 =020 ##$$a 978-979-3988-30-6 =035 ##$$0010-031700000000237 =040 ##$$a NBPDMAT =082 ##$$a 899.221 3 =090 ##$$a 899.221 3 Ali s =100 ##$$a Alifah Azzahra =245 ##$$a Sahabat Bintang $c Alifah Azzahra =260 ##$$a Yogyakarta $b Genta Press $c 2013 =300 ##$$a x, 204 hlm. $b ilus $c 19 cm. =650 ##$$a Fiksi - Indonesia =850 ##$$a NBPDMAT